Provincia de La Coruña (Record no. 158932)

MARC details
000 -LEADER
campo de control de longitud fija 00712nam a22001815i 4500
001 - NÚMERO DE CONTROL
campo de control 158932
003 - IDENTIFICADOR DE NÚMERO DE CONTROL
campo de control ES-MaACL
005 - FECHA Y HORA DE LA ÚLTIMA TRANSACCIÓN
campo de control 20230906211400.0
008 - DATOS DE LONGITUD FIJA--INFORMACIÓN GENERAL
campo de control de longitud fija 990723s1896 sp a |||| | spa d
040 ## - FUENTE DE CATALOGACIÓN
Centro catalogador/agencia de origen CCPB | B
Lengua de catalogación spa
Centro/agencia transcriptor CCPB | B
100 1# - ENTRADA PRINCIPAL--NOMBRE DE PERSONA
Nombre de persona Martínez, Lisardo.
9 (RLIN) 129661
245 10 - MENCIÓN DEL TÍTULO
Título Provincia de La Coruña
Resto del título : memoria de valoraciones para el año de 1893 /
Mención de responsabilidad, etc. redactada por Lisardo Martínez.
260 ## - PUBLICACIÓN, DISTRIBUCIÓN, ETC.
Lugar de publicación, distribución, etc. Madrid :
Nombre del editor, distribuidor, etc. [s.n.],
Fecha de publicación, distribución, etc. 1896 (
Fabricante Imp., fund. y fáb. de tintas de los hijos de J.A. García)
300 ## - DESCRIPCIÓN FÍSICA
Extensión 157 p. :
Otras características físicas il. ;
Dimensiones 24 cm.
599 #1 - NOTA A LAS ILUSTRACIONES
NOTA A LAS ILUSTRACIONES Las il. son cuadros con datos estadísticos.
651 #4 - PUNTO DE ACCESO ADICIONAL DE MATERIA--NOMBRE GEOGRÁFICO
Nombre geográfico La Coruña-
Subdivisión cronológica 1893-
Subdivisión de forma Memorias y balances.
9 (RLIN) 137245
852 ## - LOCALIZACIÓN
Ubicación ES-MaACL
Número de control de estantería F-6473
Nota libre -- Enc. hol.
Holdings
Estatus retirado Estado de pérdida Estado de daño No para préstamo Colección Biblioteca de origen Biblioteca actual Ubicación en estantería Fecha de adquisición Fuente de adquisición Total de préstamos Signatura topográfica completa Código de barras Visto por última vez Precio de reemplazo Tipo de ítem Koha
        Libros del s. XIX Biblioteca del Ateneo de Madrid Biblioteca del Ateneo de Madrid Depósito 2 17/01/2008     F-6473 1166356 23/02/2023 23/02/2023 Libro impreso antiguo